Weird Sports Match-Up Quiz Stats

 Plays Quiz Updated Nov 14, 2017

Challenge
Share
Tweet
Embed
Score 0/15 Timer 05:00
0 Plays Today
% Correct
Rolling
88.5%
Quidditch
88%
Rodeo
83.3%
Carrying
82.2%
Hockey
80.6%
Ironing
76.2%
Jumping
73.6%
Charming
73.2%
% Correct
Olympics
61.9%
Football
61.6%
Show Jumping
54.3%
Boxing
52.9%
Surfing
51.2%
Wrestling
28.4%
Big Battel
24.7%

You're not logged in!

Compare scores with friends on all Sporcle quizzes.
OR
Log In

You Might Also Like...

Show Comments

Extras

Top Quizzes Today


Score Distribution

Your Account Isn't Verified!

In order to create a playlist on Sporcle, you need to verify the email address you used during registration. Go to your Sporcle Settings to finish the process.

Report this User

Report this user for behavior that violates our Community Guidelines.

Details: